[Event "Mistrzostwa Polski Mlodzikow do 10 lat  - chlopcy"]
[Site "Chrusty k. Zagnanska"]
[Date "1899-12-30"]
[Round "3.1"]
[White "Seemann, Jakub"]
[Black "Karp, Kacper"]
[Result "1-0"]
[WhiteTitle "II+"]
[BlackTitle "II+"]
[WhiteElo "1627"]
[BlackElo "1287"]

1. e4 c5 2. Nf3 Nc6 3. d4 cxd4 4. Nxd4 g6 5. c4 Bg7 6. Be3 Nf6 7. Nc3 d6 8. f3
Bd7 9. Be2 O-O 10. Nc2 Ne5 11. O-O Rc8 12. b3 a6 13. Nd5 Nxd5 14. cxd5 Qa5 15.
Nd4 Bb5 16. Nxb5 axb5 17. f4 Nd7 18. Bd4 Nf6 19. Bf3 b4 20. Qd2 Rfd8 21. a3 Nd7
22. Bxg7 Kxg7 23. Qd4+ e5 24. dxe6+ Nf6 25. axb4 Qc7 26. exf7 Qxf7 27. Ra7 Ra8
28. Rxa8 Rxa8 29. e5 dxe5 30. fxe5 Qxb3 31. exf6+ Kf8 32. Qd6+ Kg8 33. Bd5+ Qxd5
34. Qxd5+ Kf8 35. Qd7 h5 36. Qg7+ Ke8 37. Qe7# 1-0

[Event "Mistrzostwa Polski Mlodzikow do 10 lat  - chlopcy"]
[Site "Chrusty k. Zagnanska"]
[Date "1899-12-30"]
[Round "3.2"]
[White "Bartodziej, Bartosz"]
[Black "Sniadecki, Oskar"]
[Result "1/2-1/2"]
[WhiteTitle "II"]
[BlackTitle "II"]
[WhiteElo "1468"]
[BlackElo "1277"]

1. e4 e6 2. d4 b6 3. Nf3 Bb7 4. Bd3 Nf6 5. Qe2 d6 6. Bg5 Be7 7. O-O Nbd7 8. c3
e5 9. Nbd2 Nh5 10. Be3 g6 11. Rfe1 Bf6 12. d5 Nc5 13. Bb5+ Nd7 14. b4 a6 15. Bd3
Nf4 16. Bxf4 exf4 17. Rac1 Ne5 18. Nxe5 Bxe5 19. Nf3 O-O 20. Nxe5 dxe5 21. c4
a5 22. a3 axb4 23. axb4 Ra4 24. Rb1 Qe7 25. c5 Rfa8 26. Rec1 Ra2 27. Qd1 Qh4 28.
Rc2 Qf6 29. f3 Kg7 30. Qc1 R2a3 31. Rc3 Ra2 32. Rb2 Ra1 33. Bb1 b5 34. Rcc2 R1a4
35. Qe1 Bc8 36. Qc3 R8a6 37. c6 Qd6 38. Qd2 f5 39. Rc5 Rb6 40. Qd1 Ra8 41. Qe2
fxe4 42. Bxe4 Rab8 43. Ra2 Ra6 44. Rxa6 Bxa6 45. Bd3 Ra8 46. Qb2 Rb8 47. Qa2 Rb6
48. Qa5 Bc8 49. Bxb5 Kf7 50. Qa8 Bf5 51. Qh8 g5 52. Kf2 Qf6 53. Qxf6+ Kxf6 54.
Ke2 Ke7 55. Kd2 h5 56. Kc3 g4 57. Be2 Kd6 58. Kc4 gxf3 59. gxf3 e4 60. fxe4 Bxe4
61. Ra5 f3 62. Bf1 Bf5 63. h4 Be4 64. Rc5 Bf5 65. b5 Bg4 66. Kd4 Bf5 67. Rc3 Bg4
68. Rc2 Rb8 69. Bd3 Ra8 70. Rf2 Ra4+ 71. Bc4 Ra3 72. Bd3 Ra4+ 73. Bc4 1/2-1/2

[Event "Mistrzostwa Polski Mlodzikow do 10 lat  - chlopcy"]
[Site "Chrusty k. Zagnanska"]
[Date "1899-12-30"]
[Round "3.3"]
[White "Wierzbicki, Dawid"]
[Black "Klim, Filip"]
[Result "0-1"]
[WhiteTitle "I"]
[BlackTitle "II+"]
[WhiteElo "1419"]
[BlackElo "1232"]

1. e4 e5 2. Nf3 Nf6 3. Nxe5 d6 4. Nf3 Nxe4 5. d4 d5 6. c4 c6 7. Nc3 Nxc3 8. bxc3
Be7 9. Be2 Bg4 10. O-O O-O 11. Qb3 b6 12. h3 dxc4 13. Qxc4 Be6 14. Qd3 Nd7 15.
Bf4 Nf6 16. Ne5 c5 17. Nc6 c4 18. Qc2 Qd7 19. Nxe7+ Qxe7 20. Bg5 h6 21. Bh4 Rfe8
22. Rfe1 Bd5 23. Qf5 Qe4 24. Qxe4 Nxe4 25. Rac1 g5 26. Bg3 Re7 27. Bf3 Rae8 28.
Be5 Nf6 29. Bxd5 Nxd5 30. Red1 f6 31. Bd6 Re2 32. a3 Rd8 33. Bg3 Ra2 34. Ra1 Rxa1
35. Rxa1 Nxc3 36. Re1 Rxd4 37. Re7 f5 38. Be5 Rd1+ 39. Kh2 Nd5 40. Rg7+ Kf8 41.
Rxa7 c3 42. Ra8+ Ke7 43. Rc8 Kd7 44. Rc4 b5 45. Rc5 Rd3 46. Kg1 Ke6 47. Bh8 Rd1+
48. Kh2 Rc1 49. Bd4 f4 50. Rxb5 Rd1 51. Bg7 c2 52. Bb2 Rb1 53. Rc5 Rxb2 54. a4
Nb4 0-1

[Event "Mistrzostwa Polski Mlodzikow do 10 lat  - chlopcy"]
[Site "Chrusty k. Zagnanska"]
[Date "1899-12-30"]
[Round "3.4"]
[White "Jaworski, Tymon"]
[Black "Musin, Pawel"]
[Result "1/2-1/2"]
[WhiteTitle "II"]
[BlackTitle "II"]
[WhiteElo "1403"]
[BlackElo "1151"]

1. e4 c6 2. d4 d5 3. exd5 cxd5 4. Nf3 Bf5 5. Bd3 Bg6 6. O-O e6 7. Bb5+ Nd7 8. Ne5
Ngf6 9. Bg5 Qb6 10. Nc3 a6 11. Bxd7+ Nxd7 12. Re1 Nxe5 13. dxe5 Qxb2 14. Bd2 Qxc2
15. Qe2 Qd3 16. Qxd3 Bxd3 17. Na4 b5 18. Nb2 Bf5 19. f3 h6 20. g4 Bg6 21. Be3
Be7 22. Rac1 O-O 23. Rc7 Ba3 24. Bc5 Bxc5+ 25. Rxc5 Rac8 26. Rec1 Rxc5 27. Rxc5
d4 28. Kf2 Rd8 29. Ke1 Kf8 30. Kd2 Ke7 31. Rc7+ Rd7 32. Rc6 a5 33. Nd3 Bxd3 34.
Kxd3 f6 35. exf6+ gxf6 36. h4 e5 37. Ra6 a4 38. Rc6 Rb7 39. a3 b4 40. axb4 Rxb4
41. Ra6 Rb3+ 42. Ke2 a3 43. f4 exf4 44. Ra4 f3+ 45. Kf2 d3 46. Kxf3 Ke6 47. Ke3
Kd5 48. Rf4 Ke5 49. Rf5+ Ke6 50. Ra5 Kf7 51. Ra7+ Kg6 52. Kf4 Rb4+ 53. Kg3 h5
54. gxh5+ Kxh5 55. Rxa3 d2 56. Ra1 Rxh4 57. Ra5+ Kg6 58. Rd5 Ra4 59. Rxd2 Kg5
60. Rd3 f5 61. Kf2 Ra2+ 62. Kf1 Kg4 63. Rb3 f4 64. Rc3 Rh2 65. Kg1 Re2 66. Kf1
Ra2 67. Rb3 Kf5 68. Rc3 Ke4 69. Rb3 Rh2 70. Ra3 Rd2 71. Ra4+ Ke3 72. Ra3+ Ke4
73. Ra4+ Kf3 74. Ra3+ Kg4 75. Rb3 Rd5 76. Ra3 Rf5 77. Rb3 f3 78. Kf2 Rf4 79. Rb8
Rf5 80. Rb4+ Kg5 81. Rb3 Kg4 82. Rb4+ Rf4 83. Rxf4+ Kxf4 84. Kf1 Kf5 85. Kf2 Ke4
86. Kf1 Ke3 87. Ke1 Kd3 88. Kf2 Ke4 89. Kf1 Kf4 90. Kf2 Ke4 91. Kf1 Ke3 92. Ke1
f2+ 93. Kf1 Kd2 94. Kxf2 1/2-1/2

[Event "Mistrzostwa Polski Mlodzikow do 10 lat  - chlopcy"]
[Site "Chrusty k. Zagnanska"]
[Date "1899-12-30"]
[Round "3.5"]
[White "Grzebieniowski, Michal"]
[Black "Musial, Igor"]
[Result "1/2-1/2"]
[WhiteTitle "II"]
[BlackTitle "II+"]
[WhiteElo "1194"]
[BlackElo "1399"]

1. d4 d5 2. c4 e6 3. Nf3 Nf6 4. g3 Be7 5. Bg2 Nbd7 6. O-O O-O 7. Nbd2 b6 8. Qc2
Bb7 9. b3 c5 10. Bb2 Rc8 11. Qd1 cxd4 12. Bxd4 Bc5 13. cxd5 Bxd5 14. Bxc5 Nxc5
15. b4 Nce4 16. Nxe4 Nxe4 17. a3 Qf6 18. Qd4 Nc3 19. Rfe1 Qe7 20. Qd2 Rfd8 21.
Qb2 b5 22. Rac1 Na4 23. Qa1 Nb6 24. Nh4 Bxg2 25. Nxg2 Nc4 26. Red1 h6 27. Rc3
Qf6 28. Rxd8+ Rxd8 29. Rc1 Rd2 30. Kf1 Qb2 31. Qxb2 Rxb2 32. Ra1 Rb3 33. a4 bxa4
34. Ne1 a3 35. Nd3 Rb2 36. Ke1 Rc2 37. Kd1 Rd2+ 38. Ke1 Rc2 39. Kd1 Rd2+ 40. Ke1
Rc2 1/2-1/2

[Event "Mistrzostwa Polski Mlodzikow do 10 lat  - chlopcy"]
[Site "Chrusty k. Zagnanska"]
[Date "1899-12-30"]
[Round "3.7"]
[White "Borowik, Wojciech"]
[Black "Baszczynski, Gabriel"]
[Result "1-0"]
[WhiteTitle "II+"]
[BlackTitle "II"]
[WhiteElo "1527"]
[BlackElo "1299"]

1. d4 Nf6 2. c4 e6 3. Nc3 Bb4 4. Bg5 O-O 5. Nf3 d5 6. e3 c5 7. cxd5 Qa5 8. Bxf6
Bxc3+ 9. bxc3 Qxc3+ 10. Nd2 gxf6 11. Rc1 Qa5 12. Rxc5 Qxa2 13. Bd3 exd5 14. Rxc8
Nc6 15. Rxc6 bxc6 16. Qg4+ Kh8 17. Qf5 Qa1+ 18. Ke2 1-0

[Event "Mistrzostwa Polski Mlodzikow do 10 lat  - chlopcy"]
[Site "Chrusty k. Zagnanska"]
[Date "1899-12-30"]
[Round "3.8"]
[White "Skowron, Dawid"]
[Black "Grot, Blazej"]
[Result "1/2-1/2"]
[WhiteTitle "II"]
[BlackTitle "CM"]
[WhiteElo "1205"]
[BlackElo "1418"]

1. e4 c5 2. Nf3 d6 3. d4 cxd4 4. Nxd4 Nf6 5. Nc3 a6 6. Be2 b5 7. a3 Bb7 8. f3 e6
9. Be3 Nbd7 10. Nb3 Rc8 11. O-O Nb6 12. Re1 Nc4 13. Bxc4 Rxc4 14. Qd3 d5 15. exd5
Nxd5 16. Rad1 Qc7 17. Bg5 Bc5+ 18. Nxc5 Rxc5 19. Ne4 Rxc2 20. Nd6+ Qxd6 21. Qxc2
O-O 22. Kh1 Rc8 23. Qd3 h6 24. Bh4 Qc5 25. Qd2 Qc2 26. Qxc2 Rxc2 27. Rb1 Nf4 28.
Rf1 Nxg2 29. Rf2 Rxf2 30. Bxf2 Bxf3 31. Kg1 Nf4 32. Bg3 Nd5 33. Kf2 Be4 34. Rc1
Nb6 35. Rc7 Nc4 36. Ra7 Nxb2 37. Rxa6 Bc2 38. Bd6 Ba4 39. Ke2 Nc4 40. Kd3 Nxd6
41. Rxd6 Kf8 42. Rd7 f5 43. Kd4 f4 44. Ke4 b4 45. Ra7 Bc2+ 46. Kxf4 bxa3 1/2-1/2

[Event "Mistrzostwa Polski Mlodzikow do 10 lat  - chlopcy"]
[Site "Chrusty k. Zagnanska"]
[Date "1899-12-30"]
[Round "3.9"]
[White "Zieba, Hubert"]
[Black "Rozek, Michal"]
[Result "1/2-1/2"]
[WhiteTitle "II"]
[BlackTitle "II"]
[WhiteElo "1331"]
[BlackElo "1196"]

1. c4 e5 2. Nc3 Nf6 3. g3 d5 4. cxd5 Nxd5 5. Bg2 Nxc3 6. bxc3 Nc6 7. Qb3 Bd6 8.
d3 O-O 9. Nf3 Rb8 10. O-O Be6 11. Qc2 h6 12. d4 exd4 13. Nxd4 Nxd4 14. cxd4 c6
15. e4 Bc7 16. d5 cxd5 17. exd5 Bd7 18. Ba3 Re8 19. d6 Bb6 20. Rfe1 Qf6 21. Rxe8+
Rxe8 22. Rf1 Bb5 23. Bb2 Qxd6 24. Rd1 Qc5 25. Qxc5 Bxc5 26. Bxb7 Re2 27. Bd4 Bxd4
28. Rxd4 Rxa2 29. Rd8+ Kh7 30. Bd5 Ra1+ 31. Kg2 Bf1+ 32. Kf3 Ra3+ 33. Kf4 Ra6
34. Rd7 Rf6+ 35. Ke3 a5 36. Ra7 g6 37. Bxf7 Kh8 1/2-1/2

[Event "Mistrzostwa Polski Mlodzikow do 10 lat  - chlopcy"]
[Site "Chrusty k. Zagnanska"]
[Date "1899-12-30"]
[Round "3.10"]
[White "Mulawa, Cyprian"]
[Black "Ptaszynski, Szymon"]
[Result "1/2-1/2"]
[WhiteTitle "II"]
[BlackTitle "II"]
[WhiteElo "1191"]
[BlackElo "1312"]

1. e4 c5 2. Nf3 e6 3. d4 cxd4 4. Nxd4 a6 5. Nc3 Qc7 6. Bd3 Nf6 7. O-O d6 8. f4
Nbd7 9. Qf3 Nc5 10. Be3 Be7 11. Rae1 O-O 12. Kh1 b5 13. a3 Bb7 14. Bg1 Rac8 15.
Qh3 Nxd3 16. cxd3 Nd7 17. Rc1 Nc5 18. b4 Nd7 19. Be3 Qd8 20. f5 e5 21. Nde2 Nf6
22. Rf3 Qd7 23. Rg3 Kh8 24. Rf1 Qd8 25. Bg5 Ne8 26. Bxe7 Qxe7 27. Rg4 h6 28. Rh4
Kh7 29. Nd1 Rh8 30. Ne3 Kg8 31. Ng3 Kf8 32. Nh5 Rc3 33. f6 Nxf6 34. Nxf6 gxf6
35. Nf5 Qd8 36. Rxh6 Rxh6 37. Qxh6+ Ke8 38. Ng7+ Kd7 39. h3 Rxd3 40. Rxf6 Bxe4
41. Rxf7+ Kc6 42. Qc1+ Kb6 43. Ne6 Qb8 44. Qg1+ Kc6 45. Qc1+ Kb6 46. Rc7 Rxh3+
47. Kg1 Rg3 48. Kf1 Rd3 49. Qe1 Rd4 50. Qf2 Bd5 51. Nxd4 Kxc7 52. Nc2 Kd7 53.
Qf5+ Kc6 54. Ne3 Qg8 55. g4 Qf7 56. Qxf7 Bxf7 57. Ke2 d5 58. Kd3 d4 59. Ng2 Bg6+
60. Ke2 e4 61. Nh4 Bh7 62. g5 Kd7 63. g6 Bg8 64. Nf5 Bc4+ 65. Kd2 e3+ 66. Ke1
Ke6 67. Nxd4+ Kf6 68. g7 Kxg7 69. Nf5+ Kf6 70. Nxe3 Be6 1/2-1/2

[Event "Mistrzostwa Polski Mlodzikow do 10 lat  - chlopcy"]
[Site "Chrusty k. Zagnanska"]
[Date "1899-12-30"]
[Round "3.11"]
[White "Zmarzly, Wiktor"]
[Black "Krol, Jan"]
[Result "0-1"]
[WhiteTitle "II"]
[BlackTitle "II"]
[WhiteElo "1185"]
[BlackElo "1310"]

1. d4 Nf6 2. c4 c5 3. e3 e6 4. Nf3 d5 5. Nc3 Nc6 6. b3 cxd4 7. exd4 Bb4 8. Bb2
Ne4 9. Rc1 Qa5 10. Qd3 Qxa2 11. Qc2 Bxc3+ 12. Bxc3 Qxc2 13. Rxc2 Nxc3 14. Rxc3
dxc4 15. Bxc4 O-O 16. O-O Bd7 17. Rd1 Rac8 18. Rdc1 g6 19. Bb5 f6 20. h3 a6 21.
Bxc6 Rxc6 22. Rxc6 Bxc6 23. Rc3 Kg7 24. Kf1 Rc8 25. Ke1 Bd7 26. Re3 Kf7 27. Kd2
Rc6 28. g4 g5 29. Rc3 Rxc3 30. Kxc3 Bc6 31. Ne1 Ke7 32. b4 Kd6 33. f3 e5 34. dxe5+
Kxe5 35. Nd3+ Kd6 36. Ne1 Bb5 37. Nd3 Bxd3 38. Kxd3 Kd5 39. Ke3 b6 40. f4 h6 41.
fxg5 fxg5 42. Kd3 a5 43. bxa5 bxa5 44. Kc3 Ke4 45. Kb3 Kf3 46. Ka4 Kg3 47. Kxa5
Kxh3 48. Kb4 Kxg4 49. Kc3 Kf3 50. Kd3 g4 51. Kd2 Kf2 52. Kd3 g3 53. Kd4 g2 54.
Ke4 g1=Q 55. Kf4 Qg3+ 56. Ke4 h5 57. Kf5 h4 58. Ke4 h3 59. Kd4 h2 60. Ke4 h1=Q+
61. Kd4 Qe3+ 62. Kc4 Qc6+ 63. Kb4 Qec3# 0-1

[Event "Mistrzostwa Polski Mlodzikow do 10 lat  - chlopcy"]
[Site "Chrusty k. Zagnanska"]
[Date "1899-12-30"]
[Round "3.13"]
[White "Sowinski, Pawel"]
[Black "Warchol, Kamil"]
[Result "0-1"]
[WhiteTitle "II"]
[BlackTitle "CM"]
[WhiteElo "1142"]
[BlackElo "1431"]

1. e4 e5 2. Nf3 Nc6 3. Bc4 Bc5 4. Qe2 Nf6 5. c3 d6 6. d3 h6 7. Nbd2 a6 8. Bb3 O-O
9. a4 Ba7 10. h3 Ne7 11. Rg1 Ng6 12. Nf1 d5 13. g4 Be6 14. Bc2 Nh7 15. Ng3 Ng5
16. Bxg5 hxg5 17. Nh5 f6 18. O-O-O d4 19. c4 Rb8 20. h4 b5 21. hxg5 fxg5 22. b3
bxa4 23. bxa4 Qe7 24. Kd2 Qb4+ 25. Kc1 Bc5 26. Nxd4 Bxd4 0-1

[Event "Mistrzostwa Polski Mlodzikow do 10 lat  - chlopcy"]
[Site "Chrusty k. Zagnanska"]
[Date "1899-12-30"]
[Round "3.14"]
[White "Adamala, Jacek"]
[Black "Jasiulewicz, Dawid"]
[Result "1-0"]
[WhiteTitle "II"]
[BlackTitle "II"]
[WhiteElo "1310"]
[BlackElo "1141"]

1. e4 c5 2. Nf3 e6 3. d4 cxd4 4. Nxd4 a6 5. Bd3 Qc7 6. O-O Nf6 7. c4 Nc6 8. Nxc6
dxc6 9. Nc3 Be7 10. b3 O-O 11. Bb2 b5 12. Qe2 Bd6 13. Rae1 Bxh2+ 14. Kh1 Be5 15.
f4 Bd4 16. e5 b4 17. exf6 bxc3 18. Qe4 g6 19. Qxd4 cxb2 20. f5 Qd8 21. Qh4 c5
22. Rf3 Qd4 23. Qg5 h6 24. Qxh6 Qxf6 25. fxe6 b1=Q 26. Bxb1 Qxf3 27. gxf3 Bxe6
28. Rxe6 Rfe8 29. Bxg6 fxg6 30. Rxg6+ Kf7 31. Qg7# 1-0

[Event "Mistrzostwa Polski Mlodzikow do 10 lat  - chlopcy"]
[Site "Chrusty k. Zagnanska"]
[Date "1899-12-30"]
[Round "3.15"]
[White "Krasniewski, Maciej"]
[Black "Murawski, Milosz"]
[Result "0-1"]
[WhiteTitle "II"]
[BlackTitle "II"]
[WhiteElo "1232"]
[BlackElo "1068"]

1. e4 c5 2. Nf3 d6 3. d4 cxd4 4. Nxd4 Nf6 5. Nc3 a6 6. Be3 e6 7. Be2 Be7 8. O-O
O-O 9. f4 Nbd7 10. Kh1 Qc7 11. f5 e5 12. Nb3 b5 13. a3 Bb7 14. Bf3 Rfd8 15. g4
Nc5 16. Nd2 d5 17. exd5 Nxd5 18. Nxd5 Bxd5 19. Bxd5 Rxd5 20. Qf3 Rad8 21. g5 Rxd2
22. Bxd2 Rxd2 23. f6 e4 24. Qf4 Qxf4 25. Rxf4 Bd6 26. Rh4 e3 27. Re1 e2 28. Kg2
Rxc2 29. Rd4 Bc7 30. h4 gxf6 31. gxf6 h6 32. Kf2 Bb6 33. Kf3 Ne6 34. Rg4+ Kh7
35. a4 Rxb2 36. axb5 axb5 37. h5 Nd4+ 38. Kg2 Ba5 39. Rc1 e1=Q+ 40. Kh3 Qxc1 0-1

[Event "Mistrzostwa Polski Mlodzikow do 10 lat  - chlopcy"]
[Site "Chrusty k. Zagnanska"]
[Date "1899-12-30"]
[Round "3.16"]
[White "Ratajczak, Marcin"]
[Black "Pelka, Maciej"]
[Result "0-1"]
[WhiteTitle "III"]
[BlackTitle "II"]
[WhiteElo "1062"]
[BlackElo "1227"]

1. e4 c5 2. Nf3 g6 3. d4 cxd4 4. Nxd4 Nc6 5. c3 Bg7 6. Bb5 e6 7. O-O Nge7 8. Bg5
Qa5 9. b4 Qb6 10. Bxc6 Nxc6 11. Nxc6 Qxc6 12. h3 Qxe4 13. Qd6 f6 14. Nd2 Qc6 15.
Qxc6 bxc6 16. Be3 a5 17. bxa5 Rxa5 18. Nc4 Ra8 19. Nd6+ Ke7 20. Bc5 Ba6 21. Rfd1
Kf8 22. Nf5+ Kg8 23. Rxd7 gxf5 24. Rad1 Bf8 25. Bxf8 Kxf8 26. R1d6 Bc4 27. Rc7
Bd5 28. c4 Bxc4 29. Rdxc6 Bd5 30. Rb6 Rg8 31. Rb2 Rd8 32. f4 Be4 33. Kh2 Rg7 34.
Rxg7 Kxg7 35. a4 Rd4 36. Ra2 Bd5 37. Ra3 Rxf4 38. a5 Rf2 39. Kg1 Rxg2+ 40. Kf1
Ra2 41. Rg3+ Kf7 42. Rc3 Rxa5 43. Rc7+ Kg6 44. h4 e5 45. h5+ Kxh5 46. Rxh7+ Kg4
47. Ke2 Ra3 48. Rg7+ Kf4 49. Rh7 Ke4 50. Rh4+ f4 51. Kd2 Kd4 52. Ke2 Ra2+ 53.
Kd1 Kc3 54. Ke1 Kd3 55. Kf1 Ke3 56. Kg1 Ra1+ 57. Kh2 Rh1# 0-1

[Event "Mistrzostwa Polski Mlodzikow do 10 lat  - chlopcy"]
[Site "Chrusty k. Zagnanska"]
[Date "1899-12-30"]
[Round "3.17"]
[White "Olszewski, Antoni"]
[Black "Adamala, Tomasz"]
[Result "1/2-1/2"]
[WhiteTitle "II"]
[BlackTitle "III"]
[WhiteElo "1061"]
[BlackElo "1196"]

1. e4 c5 2. Nf3 Nc6 3. d4 cxd4 4. Nxd4 g6 5. c4 Bg7 6. Be3 Nf6 7. f3 O-O 8. Qd2
b6 9. Nc3 Bb7 10. Be2 Qc7 11. Nd5 Nxd5 12. Nb5 Qd8 13. cxd5 Nb8 14. O-O e6 15.
d6 Nc6 16. Nc7 Rc8 17. Rac1 Qf6 18. b3 Nd4 19. Bxd4 Qxd4+ 20. Qxd4 Bxd4+ 21. Kh1
Bc5 22. Rfd1 e5 23. Bc4 Kg7 24. Bb5 Rfd8 25. Rc4 Bd4 26. a4 Kf6 27. Rdc1 Bc5 28.
Rd1 a5 29. Ba6 Rb8 30. Bxb7 Rxb7 31. Rd5 Kg7 32. Nb5 f6 33. Nc7 Kf7 34. h3 h6
35. Na6 Ke8 36. Nxc5 bxc5 37. Rcxc5 Rxb3 38. Rxa5 Ra3 39. Ra7 Kf7 40. a5 Ke6 41.
a6 f5 42. Rd2 f4 43. Rb2 Rc8 44. Rc7 Rd8 45. Rb6 g5 46. a7 h5 47. Rcb7 Ra8 48.
Rb8 R3xa7 49. Rxa8 1/2-1/2

[Event "Mistrzostwa Polski Mlodzikow do 10 lat  - chlopcy"]
[Site "Chrusty k. Zagnanska"]
[Date "1899-12-30"]
[Round "3.18"]
[White "Grobelny, Mikolaj"]
[Black "Skrzypinski, Jan"]
[Result "1/2-1/2"]
[WhiteTitle "II"]
[BlackTitle "II"]
[WhiteElo "1031"]
[BlackElo "1194"]

1. e4 c5 2. Nf3 d6 3. d4 cxd4 4. Nxd4 Nf6 5. Nc3 a6 6. Be3 e6 7. f3 Be7 8. Qd2
O-O 9. O-O-O Nc6 10. g4 Nxd4 11. Bxd4 e5 12. Be3 Be6 13. h4 b5 14. Kb1 b4 15.
Ne2 a5 16. h5 a4 17. g5 Nd7 18. Bh3 Bxa2+ 19. Kxa2 b3+ 20. Kb1 Nb6 21. Qb4 bxc2+
22. Kxc2 Rb8 23. Bxb6 Rxb6 24. Qxa4 Qc7+ 25. Kb1 Rfb8 26. Rd2 Qb7 27. Qc2 Bxg5
28. Rhd1 Bxd2 29. Rxd2 Rxb2+ 30. Qxb2 Qa7 31. Qxb8+ Qxb8+ 32. Kc1 f6 33. Ng3 Qb3
34. Bg4 Qc3+ 35. Kd1 Qa1+ 36. Ke2 Qg1 37. Nf5 Qg2+ 38. Kd3 Qf1+ 39. Kc2 Qc4+ 40.
Kd1 Qb3+ 41. Ke2 Qb5+ 42. Kd1 Qf1+ 43. Kc2 Qc4+ 44. Kd1 Qf1+ 1/2-1/2

[Event "Mistrzostwa Polski Mlodzikow do 10 lat  - chlopcy"]
[Site "Chrusty k. Zagnanska"]
[Date "1899-12-30"]
[Round "3.24"]
[White "Chomicki, Kornel"]
[Black "Raczek, Krzysztof"]
[Result "0-1"]
[WhiteTitle "III"]
[BlackTitle "II"]
[WhiteElo "1093"]
[BlackElo "1290"]

1. e4 c5 2. Nf3 d6 3. d4 Nf6 4. Nc3 cxd4 5. Nxd4 a6 6. Bd3 Nc6 7. Nb3 e5 8. Bd2
Be6 9. Nc1 Be7 10. O-O d5 11. Re1 O-O 12. f3 Bc5+ 13. Kh1 Rc8 14. N1e2 d4 15.
Nb1 Qb6 16. b3 Nd7 17. c3 Rfd8 18. c4 Nb4 19. Nc1 Nxd3 20. Nxd3 a5 21. a4 Ra8
22. Na3 Bxa3 23. Rxa3 Nc5 24. Nxc5 Qxc5 25. Ra2 f5 26. Qe2 f4 27. Qf2 Qb6 28.
Ra3 g5 29. h3 h5 30. Kh2 Qc5 31. Bc1 Qf8 32. Rd1 Qh6 33. g3 g4 34. h4 gxf3 35.
Rf1 Bg4 36. gxf4 exf4 37. e5 Qf8 38. Ra2 Qf5 39. Re1 Rd7 40. e6 Re7 41. Qxd4 Rxe6
42. Rxe6 Qxe6 43. Qxf4 Qe7 44. Ba3 Qxh4+ 45. Kg1 Re8 46. Ra1 f2+ 47. Qxf2 Qxf2+
48. Kxf2 Re2+ 49. Kg1 h4 50. Kh1 Bf3+ 51. Kg1 h3 52. Bd6 Rg2+ 53. Kf1 h2 54. Bxh2
Rxh2 55. Re1 Rh1+ 56. Kf2 Rxe1 57. Kxe1 Kf7 58. Kd2 Ke6 59. Kc3 Kd6 60. b4 Bd1
61. Kd4 axb4 62. c5+ Kc6 63. Kc4 b3 64. Kc3 Kxc5 65. a5 Kb5 66. Kb2 Bc2 67. a6
bxa6 68. Kc1 a5 69. Kb2 Kb4 70. Ka1 a4 71. Kb2 a3+ 72. Ka1 b2+ 0-1

[Event "Mistrzostwa Polski Mlodzikow do 10 lat  - chlopcy"]
[Site "Chrusty k. Zagnanska"]
[Date "1899-12-30"]
[Round "3.25"]
[White "Wolak, Maciej"]
[Black "Przewlocki, Marcin"]
[Result "0-1"]
[WhiteTitle "II"]
[BlackTitle "II"]
[WhiteElo "1101"]
[BlackElo "1173"]

1. e4 e5 2. Nf3 Nc6 3. Bc4 Nf6 4. Ng5 d5 5. exd5 Na5 6. Bb5+ c6 7. dxc6 bxc6 8.
Be2 h6 9. Nf3 e4 10. Ne5 Bc5 11. Nc4 Nxc4 12. Bxc4 Ng4 13. O-O Qh4 14. h3 Nxf2
15. Rxf2 Qxf2+ 16. Kh1 Bd6 17. Nc3 Bxh3 18. Qg1 Qxg1+ 19. Kxg1 Bf5 20. b3 Be5
21. Bb2 Bg6 22. Re1 f5 23. d3 Kd7 24. dxe4 fxe4 25. Na4 Bxb2 26. Nxb2 Rhe8 27.
Kf2 Kc7 28. Ke3 Rad8 29. Na4 Bh5 30. Nc3 Bg6 31. Rf1 Rf8 32. Rh1 Rf5 33. Be6 Rg5
34. Rg1 Rg3+ 35. Kf2 Rxc3 36. Rc1 Rd2+ 37. Kf1 Rdxc2 38. Rd1 Rc1 39. Rxc1 Rxc1+
40. Kf2 Rc2+ 41. Ke3 Rxg2 42. b4 h5 43. a3 h4 44. a4 Rg3+ 45. Kf2 e3+ 46. Ke2
Bh5+ 47. Kf1 e2+ 48. Kf2 Rf3+ 49. Kxe2 Rf6+ 50. Ke1 Rxe6+ 51. Kf2 Rg6 52. Kf1
h3 53. Kf2 h2 54. a5 h1=Q 55. Ke3 Rd6 56. Kf2 Qe4 57. Kg3 Rf6 58. Kh3 Qg4+ 59.
Kh2 Rf2+ 60. Kh1 Qg2# 0-1

[Event "Mistrzostwa Polski Mlodzikow do 10 lat  - chlopcy"]
[Site "Chrusty k. Zagnanska"]
[Date "1899-12-30"]
[Round "3.26"]
[White "Pawlowski, Kamil"]
[Black "Uhryn, Mateusz"]
[Result "1-0"]
[WhiteTitle "II"]
[BlackTitle "III"]
[WhiteElo "1054"]
[BlackElo "1154"]

1. e4 e5 2. Nf3 d6 3. d4 exd4 4. Nxd4 Nf6 5. Nc3 Be7 6. Bc4 O-O 7. O-O c6 8. Bf4
d5 9. exd5 cxd5 10. Bb3 Bc5 11. Nf3 Be6 12. Bg5 d4 13. Ne4 Bb6 14. Nxf6+ gxf6
15. Bh6 Re8 16. Nh4 f5 17. Qh5 Qf6 18. Rfe1 Bd8 19. Bxe6 Rxe6 20. Rxe6 Qxe6 21.
Nxf5 Qg6 22. Qxg6+ hxg6 23. Nxd4 g5 24. Nf3 f6 25. h4 gxh4 26. Nxh4 Nc6 27. Rd1
Rc8 28. Rd7 b6 29. Rg7+ Kf8 30. Rc7+ Ke8 31. Rxc8 Kd7 32. Rxd8+ Nxd8 33. Kf1 Ke6
34. Ke2 Nc6 35. c3 Ne5 36. f4 Ng4 37. f5+ Ke5 38. Be3 Ke4 39. Bd2 Ne5 40. a3 Nd3
41. b4 b5 42. g4 Ne5 43. g5 fxg5 44. Bxg5 Nf7 45. Be7 Kf4 46. f6 Ke4 47. Ng2 Kd5
48. Kd2 Kc4 49. Kc2 Kd5 50. Kb3 a6 51. Ne3+ Ke4 52. Nf1 Kd5 53. Nd2 Ne5 54. c4+
Kc6 55. cxb5+ Kxb5 56. a4+ Kc6 57. Nc4 Nf7 58. Nd6 Nxd6 59. Bxd6 Kxd6 60. b5 a5
61. b6 Kc6 62. f7 Kxb6 63. f8=Q Ka6 64. Qd6+ Kb7 65. Kc4 Kc8 66. Qe7 Kb8 67. Kb5
Ka8 68. Kc6 Kb8 69. Qb7# 1-0

[Event "Mistrzostwa Polski Mlodzikow do 10 lat  - chlopcy"]
[Site "Chrusty k. Zagnanska"]
[Date "1899-12-30"]
[Round "3.28"]
[White "Komendecki, Antoni"]
[Black "Duda, Szymon"]
[Result "1/2-1/2"]
[WhiteTitle "II"]
[BlackTitle "III"]
[WhiteElo "1123"]
[BlackElo "1085"]

1. e4 e5 2. Nf3 Nc6 3. d4 exd4 4. Nxd4 Bc5 5. Be3 Nxd4 6. Bxd4 Bxd4 7. Qxd4 f6
8. Bc4 Ne7 9. Nc3 d6 10. O-O a6 11. a4 Bd7 12. Rfe1 Nc6 13. Qd5 Qe7 14. f4 O-O-O
15. f5 Qe5 16. Rad1 g6 17. fxg6 hxg6 18. Qxe5 Nxe5 19. Bb3 Bg4 20. Rd2 c6 21.
Rf1 f5 22. Be6+ Kc7 23. exf5 gxf5 24. Bxf5 Bh5 25. Be4 Rhg8 26. Ne2 Nc4 27. Rd4
Bxe2 28. Rf2 c5 29. Rd5 Ne3 30. Rd2 Bh5 31. h3 Nc4 32. Rd5 Bg6 1/2-1/2

[Event "Mistrzostwa Polski Mlodzikow do 10 lat  - chlopcy"]
[Site "Chrusty k. Zagnanska"]
[Date "1899-12-30"]
[Round "3.30"]
[White "Goral, Antoni"]
[Black "Pawicki, Filip"]
[Result "1-0"]
[WhiteTitle "III"]
[BlackTitle "II"]
[WhiteElo "1047"]
[BlackElo "1219"]

1. Nf3 d5 2. d4 e6 3. e3 Be7 4. Bd3 Nf6 5. O-O O-O 6. b3 b6 7. Bb2 Bb7 8. c4 dxc4
9. bxc4 Nc6 10. a3 Re8 11. e4 Qd7 12. Qc2 Rad8 13. e5 Ng4 14. Bxh7+ Kh8 15. Be4
Kg8 16. d5 exd5 17. cxd5 Nb8 18. e6 fxe6 19. dxe6 Qc8 20. Bh7+ Kf8 21. Qg6 Nf6
22. Qf7# 1-0

[Event "Mistrzostwa Polski Mlodzikow do 10 lat  - chlopcy"]
[Site "Chrusty k. Zagnanska"]
[Date "1899-12-30"]
[Round "4.1"]
[White "Klim, Filip"]
[Black "Seemann, Jakub"]
[Result "0-1"]
[WhiteTitle "II+"]
[BlackTitle "II+"]
[WhiteElo "1232"]
[BlackElo "1627"]

1. e4 e5 2. Nf3 Nc6 3. Bc4 Nf6 4. Ng5 d5 5. exd5 Na5 6. Bb5+ c6 7. dxc6 bxc6 8.
Be2 h6 9. Nf3 e4 10. Ne5 Bc5 11. c3 Qc7 12. d4 Bd6 13. f4 exf3 14. Nxf3 Ng4 15.
Qd3 O-O 16. Be3 Bf5 17. Qd2 Rfe8 18. Bf2 Nc4 19. Qc1 Bf4 20. Nbd2 Bd3 21. Bf1
0-1

[Event "Mistrzostwa Polski Mlodzikow do 10 lat  - chlopcy"]
[Site "Chrusty k. Zagnanska"]
[Date "1899-12-30"]
[Round "4.2"]
[White "Krawczyk, Flawian"]
[Black "Grzebieniowski, Michal"]
[Result "1/2-1/2"]
[WhiteTitle "II"]
[BlackTitle "II"]
[WhiteElo "1580"]
[BlackElo "1194"]

1. e4 c6 2. d4 d5 3. Nc3 dxe4 4. Nxe4 Bf5 5. Ng3 Bg6 6. h4 h6 7. Nh3 Nf6 8. Nf4
Bh7 9. Bc4 e6 10. O-O Bd6 11. c3 O-O 12. Re1 Nd5 13. Bxd5 cxd5 14. Qg4 Bxf4 15.
Bxf4 Qf6 16. Be5 Qg6 17. Qxg6 Bxg6 18. h5 Bh7 19. Re3 Nd7 20. Rae1 b5 21. Nf1
Rfe8 22. Rg3 f6 23. Bf4 Kf7 24. Rge3 Nb6 25. b3 Rac8 26. Nd2 Bf5 27. f3 Rc6 28.
g4 Bh7 29. Bg3 a6 30. f4 Nd7 31. f5 Nf8 32. c4 Rcc8 33. cxd5 exf5 34. gxf5 Bxf5
35. d6 Rxe3 36. Rxe3 Re8 37. Rc3 Rc8 38. Rc7+ Ke8 39. d5 Kd8 40. Nf3 1/2-1/2